00815nam a2200253 a 450000100060000000300090000600500170001500600090003200800410004101500120008201700500009402000180014403500210016204000280018308000100021110000300022124500920025126000330034330000210037649000470039749000450044465000340048965000380052326409CO-ViMGA20230915223422.0a4451433141112s2004 ck r 000 u spa d aMON0906 aLE 119 - 2009 Oficina Depósito Legal León a9788444101606 a(OCoLC)713342156 aCO-ViMGAbspacCO-ViMGA a087.51 aLópez Gómez, Luisa M.10aPeter Pan : bAprendo con la ñ y r / ctextos elaborados por Luisa M. López Gómez aEverest Internacional [2009] a31 p. col. 22 cm0 aAprendo con las vocales y los fonemas ; 110 aAprendo con las vocales y los fonemas 2014aLibros y lectura para niños14aVocales - Enseñanza preescolar